Minorattic : (Record no. 634591)
[ view plain ]
| 000 -LEADER | |
|---|---|
| fixed length control field | 00788nam a2200277 a 4500 |
| 001 - CONTROL NUMBER | |
| control field | vtls001316815 |
| 003 - CONTROL NUMBER IDENTIFIER | |
| control field | NLI |
| 005 - DATE AND TIME OF LATEST TRANSACTION | |
| control field | 20210627051545.0 |
| 008 - FIXED-LENGTH DATA ELEMENTS--GENERAL INFORMATION | |
| fixed length control field | 120608s1954 enk 000 0 eng |
| 039 #9 - LEVEL OF BIBLIOGRAPHIC CONTROL AND CODING DETAIL [OBSOLETE] | |
| -- | 201206081801 |
| -- | VLOAD |
| 040 ## - CATALOGING SOURCE | |
| Original cataloging agency | NLI |
| Language of cataloging | eng |
| Transcribing agency | Datasoft_IMP_S |
| Description conventions | AACR2 |
| 041 1# - LANGUAGE CODE | |
| Language code of text/sound track or separate title | eng |
| 044 ## - COUNTRY OF PUBLISHING/PRODUCING ENTITY CODE | |
| MARC country code | enk |
| 084 ## - OTHER CLASSIFICATION NUMBER | |
| Classification number | 156 |
| 245 00 - TITLE STATEMENT | |
| Title | Minorattic : |
| Remainder of title | orators / |
| Statement of responsibility, etc. | English translated by J. O. Burtt |
| 260 ## - PUBLICATION, DISTRIBUTION, ETC. | |
| Place of publication, distribution, etc. | London : |
| Name of publisher, distributor, etc. | William Heinemann, |
| Date of publication, distribution, etc. | 1954- |
| 300 ## - PHYSICAL DESCRIPTION | |
| Extent | -v. ; |
| Dimensions | 17 cm. |
| 500 ## - GENERAL NOTE | |
| General note | Library has vol.2 |
| 505 0# - FORMATTED CONTENTS NOTE | |
| Formatted contents note | Vol.2 Lycurgus, demands, dinarchus, hyperides |
| 650 #0 - SUBJECT ADDED ENTRY--TOPICAL TERM | |
| Topical term or geographic name entry element | Classical literature |
| 700 1# - ADDED ENTRY--PERSONAL NAME | |
| Personal name | Burtt, J. O., |
| Relationship | trl |
| 9 (RLIN) | 757497 |
| 887 ## - NON-MARC INFORMATION FIELD | |
| Content of non-MARC field | |
| 901 ## - LOCAL DATA ELEMENT A, LDA (RLIN) | |
| a | IMP300621 |
| b | 02.09.1954 |
| 9 | v.2 |
| 902 ## - LOCAL DATA ELEMENT B, LDB (RLIN) | |
| a | 156 G 243(L 82) |
| 942 ## - ADDED ENTRY ELEMENTS (KOHA) | |
| Source of classification or shelving scheme | Dewey Decimal Classification |
| Koha item type | Books |
| Withdrawn status | Lost status | Damaged status | Not for loan | Home library | Current library | Date acquired | Total Checkouts | Full call number | Date last seen | Price effective from | Koha item type |
|---|---|---|---|---|---|---|---|---|---|---|---|
| National Library of India | National Library of India | 156 G 243(L 82) | 27/06/2021 | 27/06/2021 | Books |
